[Event "Barcelona Tres Peons op"]
[Site "Barcelona"]
[Date "1999.??.??"]
[Round "9"]
[White "Murgadella Arumi, Lluis"]
[Black "Odena Penarroja, J."]
[Result "1/2-1/2"]
[WhiteElo "1795"]
[BlackElo "1780"]
[PlyCount "32"]
[EventDate "1999.??.??"]
[EventType "swiss"]
[EventRounds "9"]
[EventCountry "ESP"]
[SourceTitle "EXT 2000"]
[Source "ChessBase"]
[SourceDate "1999.11.16"]
[SourceVersion "1"]
[SourceVersionDate "1999.11.16"]
[SourceQuality "1"]

1. d4 f5 2. c4 e6 3. Nf3 Nf6 4. Nc3 Bb4 5. Bd2 0-0 6. e3 b6 7. a3 Bxc3 8. Bxc3 Ne4 9. Qc2 Bb7 10. Be2 d6 11. b4 Nd7 12. Bb2 Qe7 13. 0-0 a6 14. Rfe1 Rac8 15. Qb3 c5 16. d5 e5 1/2-1/2